All 50k+ Cities in the Czech Republic with a Map - Statistics

General Stats
  • This quiz has been taken 3,060 times
  • The average score is 11 of 18
Answers on the Map
Answers color-coded by a green-red scale on the quiz's map according to % correct below.
 
Answer Stats
Population City % Correct
1,324,277 Prague
100%
381,346 Brno
95%
287,968 Ostrava
89%
174,842 Plzeň
88%
104,802 Liberec
75%
100,663 Olomouc
74%
94,463 České Budějovice
67%
92,716 Ústí nad Labem
67%
91,727 Pardubice
63%
92,939 Hradec Králové
61%
74,935 Zlín
60%
51,216 Jihlava
51%
66,034 Most
49%
56,450 Opava
48%
69,337 Kladno
47%
55,557 Frýdek-Místek
39%
52,128 Karviná
38%
71,200 Havířov
36%
No matching quizzes found
Score Distribution
Percent of People with Each Score
Percentile by Number Answered
Your Score History
You have not taken this quiz